[Event "Gibraltar Open"]
[Site "Caleta ENG"]
[Date "2012.01.25"]
[Round "2.52"]
[White "De Graaf, Dick"]
[Black "Lund, Silas"]
[Result "0-1"]
[BlackTitle "IM"]
[WhiteElo "2183"]
[BlackElo "2414"]
[WhiteFideId "1005677"]
[BlackFideId "1405454"]
[EventDate "2012.01.24"]

1. e4 c5 2. Nf3 d6 3. b3 e5 4. Bc4 Be7 5. Nc3 Nf6 6. O-O O-O 7. h3 Nc6 8. d3 h6
9. Nd5 Rb8 10. c3 b5 11. Nxf6+ Bxf6 12. Bd5 Ne7 13. c4 g5 14. Nh2 Bg7 15. h4
Nxd5 16. cxd5 gxh4 17. Qh5 f5 18. Bxh6 Bxh6 19. Qxh6 Rb7 20. f4 Rh7 21. Qg6+ Rg7
22. Qh5 fxe4 23. fxe5 Bh3 24. e6 Bxg2 25. Rf7 Qg5 26. Rxg7+ Qxg7 27. Qg4 h3 28.
dxe4 Bxe4 29. Rd1 Rf5 30. e7 Re5 31. Kf2 Rxe7 32. Re1 Qxg4 33. Nxg4 Kf8 34. Kg3
Bxd5 35. Rd1 Be6 36. Rxd6 Bxg4 37. Kxg4 h2 38. Rd8+ Re8 39. Rd1 Re2 40. Rf1+ Kg7 0-1

[Event "Gibraltar Open"]
[Site "Caleta ENG"]
[Date "2012.01.25"]
[Round "2.53"]
[White "Quillan, Gary"]
[Black "Peredy, Ferenc"]
[Result "1-0"]
[WhiteTitle "IM"]
[BlackTitle "IM"]
[WhiteElo "2409"]
[BlackElo "2180"]
[WhiteFideId "401153"]
[BlackFideId "705985"]
[EventDate "2012.01.24"]

1. e4 e5 2. Nf3 Nc6 3. Bb5 a6 4. Ba4 Nge7 5. c3 d6 6. d4 Bd7 7. Bb3 h6 8. Nbd2
Ng6 9. O-O Qf6 10. d5 Nd8 11. Ne1 Be7 12. Nd3 O-O 13. Nc4 Qh4 14. f3 Bg5 15. g3
Qh5 16. Ne3 Bxe3+ 17. Bxe3 f5 18. exf5 Qxf5 19. f4 Bb5 20. c4 Qe4 21. Qd2 exf4
22. Nxf4 Nxf4 23. Rxf4 Rxf4 24. Bxf4 Bxc4 25. Re1 Qd3 26. Bxc4 Qxc4 27. Re8+ Kf7
28. b3 Qb5 29. Rh8 Qd7 30. Bxh6 Qf5 31. Bg5 Qb1+ 32. Kf2 Kg6 33. Bxd8 Qf5+ 34.
Kg1 Qb1+ 35. Kf2 Qf5+ 36. Qf4 Qc2+ 37. Kf3 Qd1+ 38. Kf2 Qc2+ 39. Ke1 Qb1+ 40.
Ke2 Qc2+ 41. Qd2 Qe4+ 42. Qe3 Qg2+ 43. Ke1 Qh1+ 44. Kf2 Qxd5 45. h4 Qf5+ 46. Kg2
Qc2+ 47. Kh3 Qf5+ 48. g4 1-0

[Event "Gibraltar Open"]
[Site "Caleta ENG"]
[Date "2012.01.25"]
[Round "2.54"]
[White "Scheckenbach, Franz"]
[Black "Getz, Nicolai"]
[Result "1/2-1/2"]
[BlackTitle "IM"]
[WhiteElo "2182"]
[BlackElo "2408"]
[WhiteFideId "4635647"]
[BlackFideId "1505572"]
[EventDate "2012.01.24"]

1. e4 e5 2. Bc4 Nf6 3. d3 Nc6 4. Nf3 Be7 5. Bb3 O-O 6. c3 d6 7. Nbd2 Na5 8. Bc2
c5 9. Nf1 Nc6 10. Ng3 Qc7 11. O-O Re8 12. h3 h6 13. Nh2 Nh7 14. Ng4 Bg5 15. Bxg5
Nxg5 16. Ne3 Ne7 17. Nh5 Ng6 18. f4 exf4 19. Nd5 Qd8 20. Nhxf4 Nxf4 21. Rxf4 Re5
22. Kh2 Ne6 23. Rf3 Nc7 24. Bb3 Be6 25. Nxc7 Qxc7 26. Bxe6 Rxe6 27. Kh1 c4 28.
Qf1 b5 29. a4 bxa4 30. Rxa4 cxd3 31. Qxd3 Rae8 32. Rc4 Qe7 33. b4 Qb7 34. Qd5
Qe7 35. Qd3 Re5 36. Rd4 Qc7 37. Rc4 Qb8 38. Rd4 R8e6 39. Rf1 a5 40. Rd1 axb4 41.
Rxb4 Qc7 42. Rc4 Qe7 43. Rd4 Rxe4 44. Rxe4 Rxe4 45. Qxd6 Qb7 46. Qd8+ Kh7 47.
Qd3 g6 1/2-1/2

[Event "Gibraltar Open"]
[Site "Caleta ENG"]
[Date "2012.01.25"]
[Round "2.55"]
[White "Karim, Ismael"]
[Black "Amos, Frank"]
[Result "1-0"]
[WhiteTitle "IM"]
[WhiteElo "2405"]
[BlackElo "2171"]
[WhiteFideId "625736"]
[BlackFideId "4635442"]
[EventDate "2012.01.24"]

1. e4 e5 2. Nf3 Nc6 3. Bc4 Bc5 4. O-O Nf6 5. d4 Bxd4 6. Nxd4 Nxd4 7. f4 d6 8.
fxe5 dxe5 9. Bg5 Qd6 10. Bxf6 gxf6 11. c3 Ne6 12. Qxd6 cxd6 13. Rxf6 Ke7 14. Rf1
Rg8 15. Nd2 Nf4 16. Kh1 Bd7 17. g3 Ne6 18. Rf2 Raf8 19. Raf1 h5 20. Nf3 Rg4 21.
Nh4 Ng5 22. Ng6+ fxg6 23. Rxf8 h4 24. gxh4 Rxh4 25. Rg8 Bg4 26. Rg7+ Ke8 27.
Bb5+ 1-0

[Event "Gibraltar Open"]
[Site "Caleta ENG"]
[Date "2012.01.25"]
[Round "2.57"]
[White "Adler, Bo"]
[Black "Alvarez Marquez, Johann"]
[Result "1-0"]
[BlackTitle "IM"]
[WhiteElo "2167"]
[BlackElo "2398"]
[WhiteFideId "1702149"]
[BlackFideId "3900649"]
[EventDate "2012.01.24"]

1. d4 Nf6 2. c4 c5 3. d5 e6 4. Nc3 exd5 5. cxd5 d6 6. e4 g6 7. f4 Bg7 8. Bb5+
Nfd7 9. Bd3 O-O 10. Nf3 Na6 11. O-O Nc7 12. Bd2 a6 13. a3 b5 14. b4 a5 15. Rb1
axb4 16. axb4 c4 17. Bc2 f5 18. exf5 gxf5 19. Be1 Qf6 20. Ne2 Qf7 21. Ned4 Qxd5
22. Bc3 Nf6 23. Re1 Ne4 24. Nxf5 Qxd1 25. Ne7+ Kf7 26. Rbxd1 Bxc3 27. Rxe4 Bb7
28. Ng5+ Kg7 29. Re3 Bxb4 30. Nf5+ Rxf5 31. Re7+ Kf8 32. Rxc7 Bc5+ 33. Kh1 Ra2
34. Rxb7 Rxc2 35. g4 Rxg5 36. fxg5 b4 37. Ra1 Re2 38. Rxh7 Kg8 39. g6 Re8 40.
Rf1 b3 41. Rb7 Bd4 42. Rf4 Re1+ 43. Kg2 Re2+ 44. Kf1 Rd2 45. Rff7 1-0

[Event "Gibraltar Open"]
[Site "Caleta ENG"]
[Date "2012.01.25"]
[Round "2.58"]
[White "Melia, Salome"]
[Black "Vinas Guerrero, Carlos A."]
[Result "1-0"]
[WhiteTitle "IM"]
[WhiteElo "2398"]
[BlackElo "2160"]
[WhiteFideId "13602446"]
[BlackFideId "2216868"]
[EventDate "2012.01.24"]

1. e4 e5 2. Nf3 Nc6 3. Bb5 Nge7 4. c3 g6 5. d4 exd4 6. cxd4 a6 7. Ba4 Bg7 8. d5
b5 9. Bc2 Na5 10. O-O O-O 11. Nc3 d6 12. Nd4 b4 13. Nce2 c5 14. dxc6 Nexc6 15.
Nxc6 Nxc6 16. Bb3 a5 17. Bd5 Ra6 18. Rb1 Be6 19. Nf4 Bxd5 20. Nxd5 Qh4 21. Qd3
Raa8 22. f4 Bd4+ 23. Be3 Bxe3+ 24. Qxe3 Ne7 25. Nb6 Rad8 26. Qd4 Qh5 27. f5 Nc6
28. Qe3 Ne5 29. Nd5 Kh8 30. h3 Rc8 31. Rf2 Qh4 32. Rbf1 Rc4 33. fxg6 hxg6 34.
Nf6 Rfc8 35. g3 1-0

[Event "Gibraltar Open"]
[Site "Caleta ENG"]
[Date "2012.01.25"]
[Round "2.59"]
[White "Lipecki, Alexander"]
[Black "Bosboom, Manuel"]
[Result "0-1"]
[BlackTitle "IM"]
[WhiteElo "2159"]
[BlackElo "2394"]
[WhiteFideId "1303511"]
[BlackFideId "1000080"]
[EventDate "2012.01.24"]

1. d4 Nf6 2. Nf3 g6 3. g3 Bg7 4. Bg2 O-O 5. O-O d6 6. Re1 Nbd7 7. e4 e5 8. dxe5
dxe5 9. Nc3 c6 10. b3 Re8 11. Bb2 Qc7 12. Qd2 Nc5 13. Rad1 Bg4 14. h3 Bxf3 15.
Bxf3 a5 16. Qe3 Ne6 17. Na4 b5 18. Nc5 Nxc5 19. Qxc5 Bf8 20. Qe3 a4 21. Qg5 axb3
22. axb3 Ra2 23. Qxf6 Rxb2 24. Bg4 Be7 25. Rd7 Qxd7 26. Bxd7 Bxf6 27. Bxe8 Rxc2
28. Ra1 Be7 29. Ra6 Bc5 30. Rxc6 Kf8 31. b4 Bxf2+ 32. Kf1 Rb2 33. Rc8 Bxg3 34.
Bxb5+ Kg7 35. Bc4 Kh6 36. b5 f5 37. exf5 gxf5 38. Rg8 f4 39. Bd3 Rb3 40. Bc4 Rb4
41. Be2 e4 42. Rg4 Rb1+ 43. Kg2 Rb2 44. Kf1 Bh2 45. Bc4 Rb4 46. Kg2 Rxc4 47.
Kxh2 e3 48. b6 Rb4 49. b7 e2 0-1

[Event "Gibraltar Open"]
[Site "Caleta ENG"]
[Date "2012.01.25"]
[Round "2.60"]
[White "Samu, Sorin-Mihai"]
[Black "Adnani, Mokhlis"]
[Result "1-0"]
[WhiteElo "2156"]
[BlackElo "2386"]
[WhiteFideId "1210165"]
[BlackFideId "9000100"]
[EventDate "2012.01.24"]

1. c4 e5 2. Nc3 Nf6 3. g3 Nc6 4. Bg2 Bc5 5. e3 O-O 6. Nge2 Re8 7. O-O Bf8 8. d4
d6 9. h3 Bf5 10. d5 Nb8 11. e4 Bd7 12. b4 a5 13. b5 Bc8 14. Be3 Nbd7 15. g4 Nc5
16. Ng3 g6 17. Rb1 Nfd7 18. Na4 Nxa4 19. Qxa4 Nc5 20. Qc2 Bd7 21. Rb2 Be7 22.
Kh2 Bg5 23. Qd2 Bf4 24. Kg1 a4 25. Ne2 a3 26. Rc2 Bxe3 27. Qxe3 Qh4 28. Ng3 Qf6
29. f4 exf4 30. Rxf4 Qe5 31. Rcf2 Re7 32. Qf3 Be8 33. h4 Qd4 34. Bf1 Qg7 35. g5
Qa1 36. h5 Nd7 37. hxg6 hxg6 38. Rh4 Re5 39. Qf4 Qd4 40. Rh6 Ra4 41. Qh4 Kf8 42.
Rxg6 Qxf2+ 43. Kxf2 fxg6 44. Qh7 Bf7 45. Bh3 Re7 46. Qh8+ Bg8 47. Qh6+ Ke8 48.
Qxg6+ Bf7 49. Bxd7+ Rxd7 50. Qf6 Rxc4 51. Qh8+ 1-0

[Event "Gibraltar Open"]
[Site "Caleta ENG"]
[Date "2012.01.25"]
[Round "2.61"]
[White "Schmidt, Ralf"]
[Black "Graf, Felix"]
[Result "0-1"]
[WhiteElo "2156"]
[BlackElo "2367"]
[WhiteFideId "4640950"]
[BlackFideId "24608904"]
[EventDate "2012.01.24"]

1. e4 e6 2. d3 d5 3. Nd2 Nf6 4. Ngf3 b6 5. g3 Bb7 6. Bg2 dxe4 7. Ng5 Nc6 8.
Ngxe4 Qd7 9. O-O O-O-O 10. Re1 h5 11. Nxf6 gxf6 12. h4 f5 13. Nf3 f6 14. Be3 Bd6
15. Qd2 e5 16. Kh2 Kb8 17. Bh3 Ne7 18. Ng1 Qc6 19. Ne2 f4 20. gxf4 Ng6 21. fxe5
Nxe5 0-1

[Event "Gibraltar Open"]
[Site "Caleta ENG"]
[Date "2012.01.25"]
[Round "2.62"]
[White "Wantiez, Fabrice"]
[Black "Weber, Francois ESP"]
[Result "1/2-1/2"]
[WhiteTitle "FM"]
[WhiteElo "2366"]
[BlackElo "2155"]
[WhiteFideId "202274"]
[BlackFideId "2291690"]
[EventDate "2012.01.24"]

1. e4 e5 2. Nf3 Nc6 3. Bb5 Nf6 4. d3 d6 5. Nbd2 Be7 6. Nf1 O-O 7. c3 Nb8 8. Ng3
c6 9. Ba4 Nbd7 10. Nf5 Nc5 11. Nxe7+ Qxe7 12. Bc2 h6 13. h3 Nh7 14. O-O Ne6 15.
d4 Neg5 16. Nxg5 hxg5 17. dxe5 dxe5 18. Be3 Be6 19. Qe2 b6 20. a4 c5 21. a5 Rfd8
22. axb6 axb6 23. Qb5 Qc7 24. Ra6 Rxa6 25. Qxa6 Bc8 26. Qc4 Be6 27. Qa4 g4 28.
hxg4 Bxg4 29. Ra1 Nf8 30. f3 Be6 31. Qa7 Qxa7 32. Rxa7 Nd7 33. Ba4 Kf8 34. Rb7
Ke7 35. b4 Rc8 36. Bxd7 Bxd7 37. Rxb6 cxb4 38. cxb4 Rc2 39. Bc5+ Kd8 40. Bd6 f6
41. Bf8 Kc7 42. Ra6 Kb7 43. Rd6 Kc7 44. Rd5 g6 45. Rd6 Rc6 46. Rxc6+ Kxc6 47.
Bg7 Kb5 48. Bxf6 Kxb4 49. Bxe5 Kc4 50. Kf2 Kd3 51. Bf6 Be6 52. e5 Kd4 53. f4 Kd5
54. Kf3 Bf5 55. Bg5 Ke6 56. Kg3 Be4 57. Kh3 Bf5+ 58. Kh4 Be4 59. g3 Bf5 60. Bd8
Bb1 61. Kg5 Bc2 62. Ba5 Bb1 63. Bc3 Bc2 64. Kh6 Bb1 65. Be1 Bc2 66. Kg7 Bd3 67.
Bf2 Bc2 68. Kf8 Bb1 69. Bg1 Bc2 70. Bh2 Bd3 71. Kg7 Bc2 72. g4 Bd1 73. f5+ gxf5
74. g5 f4 75. Bxf4 Kf5 76. g6 Bh5 77. Kh7 Bxg6+ 1/2-1/2

[Event "Gibraltar Open"]
[Site "Caleta ENG"]
[Date "2012.01.25"]
[Round "2.65"]
[White "Seyfried, Claus"]
[Black "Peek, Marcel"]
[Result "1/2-1/2"]
[BlackTitle "IM"]
[WhiteElo "2141"]
[BlackElo "2354"]
[WhiteFideId "1271085"]
[BlackFideId "1000462"]
[EventDate "2012.01.24"]

1. e4 c5 2. c3 d5 3. exd5 Qxd5 4. d4 g6 5. dxc5 Qxc5 6. Be3 Qc7 7. Na3 a6 8. Qd4
Nf6 9. Bf4 Qd7 10. Nf3 Qxd4 11. Nxd4 Nbd7 12. Nc4 Bg7 13. Be2 Nd5 14. Bd2 Ne5
15. O-O Nxc4 16. Bxc4 Nb6 17. Bb3 Bxd4 18. cxd4 Be6 19. Ba5 Bxb3 20. Bxb6 Bd5
21. a3 Rc8 22. Rac1 Kd7 23. Ba5 f6 24. Bd2 Rxc1 25. Rxc1 Bc6 26. Re1 g5 27. f3
Rg8 28. Kf2 h5 29. h3 b6 30. Be3 Bd5 31. g3 Rc8 32. Rc1 Rxc1 33. Bxc1 Kc6 34. f4
g4 35. hxg4 hxg4 36. Ke3 Bf3 37. Bd2 a5 38. Bc3 Kd5 39. Kd3 Be4+ 40. Ke3 Bf5 41.
Bd2 Kc4 42. Bc3 Bb1 43. Kd2 f5 44. Ke3 e6 45. Kd2 Be4 46. Ke3 Kb3 47. Kd2 Ka4
48. Kc1 b5 49. Be1 b4 50. axb4 axb4 51. Kd2 Kb3 52. Ke3 Kc4 53. Bd2 Bf3 54. Be1
Bd5 1/2-1/2

[Event "Gibraltar Open"]
[Site "Caleta ENG"]
[Date "2012.01.25"]
[Round "2.66"]
[White "Schiendorfer, Emanuel"]
[Black "Kakulia, Shalva"]
[Result "1/2-1/2"]
[WhiteTitle "FM"]
[WhiteElo "2354"]
[BlackElo "2133"]
[WhiteFideId "1309889"]
[BlackFideId "13602306"]
[EventDate "2012.01.24"]

1. d4 d5 2. c4 e6 3. Nc3 Be7 4. Nf3 Nf6 5. Bg5 O-O 6. e3 h6 7. Bh4 Nbd7 8. Rc1
Re8 9. Bd3 a6 10. cxd5 exd5 11. O-O c6 12. Bg3 Nh5 13. Nxd5 Nxg3 14. Nxe7+ Qxe7
15. hxg3 Nf6 16. Ne5 Be6 17. Bc4 Rad8 18. Qb3 Bxc4 19. Qxc4 Ne4 20. Qc2 Ng5 21.
a3 Rd5 22. b4 a5 23. Rb1 axb4 24. axb4 Rb5 25. Nd3 Ne4 26. Nc5 Nf6 27. Qe2 b6
28. Nd3 Nd5 29. Rfc1 Nxb4 30. Ne5 Rxe5 31. dxe5 c5 32. f4 f6 33. exf6 Qxe3+ 34.
Qxe3 Rxe3 35. fxg7 Rxg3 36. Rd1 Kxg7 37. Rd6 Rg6 38. Rbd1 h5 39. Kf2 b5 40. Rd7+
Kh6 41. Rb7 c4 42. Rxb5 Nd3+ 43. Kf3 h4 44. Ra1 c3 45. Rd5 Rg3+ 46. Ke4 Nf2+ 47.
Kf5 Rxg2 48. Rd7 Rg7 49. Ra6+ Kh7 50. Rxg7+ Kxg7 51. Ra2 Nd1 52. Ke4 h3 53. Rh2
Kf6 54. Rc2 Ke6 55. Rc1 Nf2+ 56. Ke3 Ng4+ 57. Kf3 Kf5 58. Rxc3 Nh2+ 59. Kf2 Kxf4
60. Rc4+ Kf5 61. Kg3 Nf1+ 62. Kxh3 Ne3 1/2-1/2

[Event "Gibraltar Open"]
[Site "Caleta ENG"]
[Date "2012.01.25"]
[Round "2.67"]
[White "Gislason, Gudmundur"]
[Black "Osuna Vega, Enrique"]
[Result "0-1"]
[BlackTitle "CM"]
[WhiteElo "2332"]
[BlackElo "2122"]
[WhiteFideId "2300559"]
[BlackFideId "2219549"]
[EventDate "2012.01.24"]

1. d4 d6 2. Nf3 Nd7 3. c4 e5 4. Nc3 Ngf6 5. g3 g6 6. Bg5 exd4 7. Nxd4 h6 8. Bd2
Bg7 9. Bg2 O-O 10. O-O Re8 11. Rc1 a5 12. Ndb5 Nc5 13. Be3 Rxe3 14. fxe3 Ng4 15.
Qd2 h5 16. Rf4 Ne6 17. c5 Nxf4 18. exf4 d5 19. e4 c6 20. Nd6 dxe4 21. Ncxe4 Nh6
22. Re1 Bf5 23. h3 Bxe4 24. Rxe4 Qf6 25. Re5 Rd8 26. Qxa5 Rxd6 27. cxd6 Qxd6 28.
Re8+ Kh7 29. Qd8 Qc5+ 30. Kh2 Qf2 31. Qd3 h4 32. Qf3 hxg3+ 33. Qxg3 Qxb2 34. Qb3
Qf2 35. Re4 Nf5 36. a4 Nd6 37. Rb4 c5 38. Rc4 Bd4 39. Rxd4 Qxd4 40. Bxb7 Qxf4+
41. Kg2 c4 42. Qf3 Qd2+ 0-1

[Event "Gibraltar Open"]
[Site "Caleta ENG"]
[Date "2012.01.25"]
[Round "2.68"]
[White "Hallerod, Ralph"]
[Black "Palencia, Wilson"]
[Result "1/2-1/2"]
[BlackTitle "IM"]
[WhiteElo "2124"]
[BlackElo "2324"]
[WhiteFideId "1705644"]
[BlackFideId "4401859"]
[EventDate "2012.01.24"]

1. d4 c6 2. e4 d5 3. exd5 Qxd5 4. c4 Qe4+ 5. Be3 Bf5 6. Nc3 Qc2 7. Qxc2 Bxc2 8.
Be2 Nf6 9. Bf3 g6 10. Nge2 Bd3 11. b3 Bg7 12. O-O O-O 13. Rfd1 Bf5 14. h3 Na6
15. g4 Bd7 16. Rac1 h5 17. g5 Ne8 18. d5 Nd6 19. dxc6 Bxc6 20. Nd5 Nf5 21. Nd4
Bxd4 22. Bxd4 Nxd4 23. Rxd4 Kg7 24. Bg2 Rfd8 25. Rcd1 Rd7 26. Ne3 Rc7 27. a3 Nc5
28. Bxc6 bxc6 29. b4 Ne6 30. Rd7 Rxd7 31. Rxd7 Kf8 32. h4 Ke8 33. Rb7 Kd8 34.
Kg2 Nc7 35. b5 cxb5 36. Nd5 Rc8 37. Rxa7 bxc4 38. Nc3 e6 39. Ra5 Kd7 40. Kf3 Nd5
41. Nxd5 exd5 42. Rxd5+ Ke6 43. Ke4 c3 44. Rd1 Rc4+ 45. Kd3 Rxh4 46. Ra1 Rf4 47.
a4 Rxf2 48. Kxc3 Rf5 49. a5 Rxg5 50. a6 Rc5+ 51. Kd4 Rc8 52. a7 Ra8 53. Ke4 Kf6
54. Kf4 g5+ 55. Ke4 Kg6 56. Ra6+ f6 57. Kf3 Kf5 58. Ra5+ Ke6 59. Ra6+ Kf7 60.
Ke4 Kg6 61. Kf3 h4 62. Kg4 Kg7 63. Ra5 Kh6 64. Ra3 f5+ 65. Kxf5 Kh5 66. Kf6 g4
67. Ra5+ Kh6 68. Kf5 g3 69. Kg4 g2 70. Ra6+ Kg7 71. Ra1 g1=B 72. Rxg1 1/2-1/2

[Event "Gibraltar Open"]
[Site "Caleta ENG"]
[Date "2012.01.25"]
[Round "2.69"]
[White "Henriksson, Johan"]
[Black "Choukri, Adel"]
[Result "1-0"]
[WhiteElo "2308"]
[BlackElo "2115"]
[WhiteFideId "1703560"]
[BlackFideId "9000399"]
[EventDate "2012.01.24"]

1. d4 d5 2. Nf3 Nf6 3. g3 g6 4. Bg2 Bg7 5. O-O O-O 6. c4 c6 7. Ne5 e6 8. Nc3
Nbd7 9. f4 Qe7 10. Kh1 Rd8 11. c5 Ne8 12. b4 f6 13. Nd3 Nc7 14. h4 Rf8 15. a4 a6
16. Qb3 Kh8 17. Bd2 h6 18. b5 e5 19. fxe5 fxe5 20. Rxf8+ Bxf8 21. bxc6 bxc6 22.
Nxe5 Nxe5 23. dxe5 Ne6 24. Rf1 Bg7 25. Qb1 Qe8 26. Rf6 Bxf6 27. exf6 g5 28. Qf1
Qf7 29. e4 Nxc5 30. exd5 cxd5 31. Kh2 Be6 32. Be3 Nd7 33. Bd4 Nf8 34. hxg5 hxg5
35. Qc1 Nh7 36. Qe3 Kg8 37. Qe5 Rd8 38. g4 a5 39. Kg3 Kf8 40. Bc5+ Kg8 41. Bd4
Kf8 42. Bc5+ Kg8 43. Be7 Rd7 44. Ne2 Rxe7 45. fxe7 Qxe7 46. Nd4 Nf8 47. Nxe6
Nxe6 48. Bxd5 Kf7 49. Qf5+ Kg7 50. Qxe6 Qc7+ 51. Kf3 Qc3+ 52. Qe3 Qf6+ 53. Kg2
Qb2+ 54. Qf2 1-0

[Event "Gibraltar Open"]
[Site "Caleta ENG"]
[Date "2012.01.25"]
[Round "2.70"]
[White "Navarrete Espi, Samuel"]
[Black "Aranha Filho, Alvaro Z."]
[Result "0-1"]
[BlackTitle "FM"]
[WhiteElo "2120"]
[BlackElo "2307"]
[WhiteFideId "2237725"]
[BlackFideId "2103931"]
[EventDate "2012.01.24"]

1. e4 c5 2. Nf3 Nc6 3. d4 cxd4 4. Nxd4 Nf6 5. Nc3 e5 6. Ndb5 d6 7. Bg5 a6 8. Na3
b5 9. Bxf6 gxf6 10. Nd5 f5 11. c3 Bg7 12. Nxb5 O-O 13. Na3 fxe4 14. Nc4 Be6 15.
g3 f5 16. Bg2 Ra7 17. O-O Ne7 18. Nce3 f4 19. Nxe7+ Rxe7 20. Nd5 f3 21. Nxe7+
Qxe7 22. Bh1 d5 23. Re1 Bh6 24. Qb3 e3 25. Qb6 exf2+ 26. Kxf2 e4 27. Rad1 Qf6
28. c4 Qg6 29. Qd4 Qf5 30. cxd5 Qh3 31. dxe6 e3+ 32. Rxe3 Qxh2+ 33. Ke1 f2+ 34.
Kf1 Qxh1+ 35. Ke2 f1=Q+ 36. Rxf1 Qxf1+ 0-1

[Event "Gibraltar Open"]
[Site "Caleta ENG"]
[Date "2012.01.25"]
[Round "2.72"]
[White "Dasaolu, Adeoye"]
[Black "Montero Melendez, Rafael"]
[Result "1/2-1/2"]
[WhiteElo "2103"]
[BlackElo "2303"]
[WhiteFideId "416061"]
[BlackFideId "2221772"]
[EventDate "2012.01.24"]

1. e4 e5 2. Nf3 Nc6 3. Bc4 Bc5 4. d3 Nf6 5. Bg5 h6 6. Bh4 d6 7. c3 g5 8. Bg3 Bg4
9. Nbd2 Bh5 10. b4 Bb6 11. a4 a5 12. Bb5 axb4 13. cxb4 O-O 14. Bxc6 bxc6 15. Qc2
Qd7 16. O-O Bxf3 17. Nxf3 Nh5 18. Qc4 Kh8 19. a5 Ba7 20. Rfc1 f5 21. exf5 Nxg3
22. hxg3 Qxf5 23. g4 Qf4 24. Ra2 e4 25. dxe4 Qxg4 26. Qxc6 Qf4 27. Rf1 Qf7 28.
Rc2 Rac8 29. Qc3+ Kg8 30. Nd4 Bxd4 31. Qxd4 Qf4 32. Rc3 g4 33. b5 h5 34. Qd5+
Kg7 35. g3 Qf6 36. Re3 Rce8 37. Qxh5 Re5 38. Qxg4+ Rg5 39. Qd7+ Rf7 40. Qh3 Rxb5
41. a6 Ra5 42. Qg4+ Qg6 43. Qe2 Qh6 44. e5 dxe5 45. Rxe5 Rxa6 46. Re7 Rf6 47.
Qe5 Rxe7 48. Qxe7+ Rf7 49. Qc5 Qd2 50. Qe5+ Kg6 51. Kg2 Qc2 52. g4 c5 53. Kg3
Qd3+ 54. Kg2 Qf3+ 55. Kg1 Qxg4+ 56. Qg3 Kf5 57. Qxg4+ Kxg4 58. Rc1 Rc7 59. Rc4+
Kf5 60. Kf1 Ke5 61. Ke2 Kd5 62. Rf4 c4 63. Kd2 Ra7 64. Rf5+ Kd4 65. Rf4+ Kc5 66.
Kc3 Ra3+ 67. Kc2 Kb4 68. Rf8 Ra2+ 69. Kb1 Re2 70. Rf3 Kc5 71. Kc1 Kd4 72. Kd1
Ra2 73. Kc1 Ke4 74. Re3+ Kd5 75. Rf3 Kd4 76. Kb1 Re2 77. Kc1 c3 78. Rf8 Kd3 1/2-1/2

[Event "Gibraltar Open"]
[Site "Caleta ENG"]
[Date "2012.01.25"]
[Round "2.75"]
[White "Herman, Jean"]
[Black "Phadke, Sohan"]
[Result "1-0"]
[WhiteElo "2077"]
[BlackElo "2290"]
[WhiteFideId "263036"]
[BlackFideId "5016223"]
[EventDate "2012.01.24"]

1. d4 Nf6 2. c4 g6 3. Nc3 d5 4. Nf3 Bg7 5. Bg5 Ne4 6. Qc1 Nxg5 7. Qxg5 dxc4 8.
e4 h6 9. Qe3 Bg4 10. Bxc4 Bxf3 11. Qxf3 O-O 12. O-O-O c5 13. dxc5 Qa5 14. Kb1
Nc6 15. Qe3 b5 16. Bd5 b4 17. Ne2 Rac8 18. f4 e6 19. Bb3 Qb5 20. f5 exf5 21.
exf5 Kh7 22. Nf4 Rce8 23. Qg3 g5 24. Bc2 f6 25. Ne6 Rf7 26. h4 Kg8 27. Bb3 Na5
28. Nc7 1-0

[Event "Gibraltar Open"]
[Site "Caleta ENG"]
[Date "2012.01.25"]
[Round "2.76"]
[White "Ortega Ruiz, Jose Miguel"]
[Black "De Seroux, Camille"]
[Result "1-0"]
[WhiteTitle "FM"]
[WhiteElo "2288"]
[BlackElo "2076"]
[WhiteFideId "2209713"]
[BlackFideId "1305620"]
[EventDate "2012.01.24"]

1. d4 Nf6 2. c4 g6 3. Nc3 Bg7 4. e4 d6 5. Nf3 O-O 6. Be2 Na6 7. Be3 e5 8. d5 Ng4
9. Bg5 f6 10. Bh4 h5 11. Nd2 c5 12. dxc6 bxc6 13. Nb3 Rb8 14. h3 Nh6 15. f3 Nf7
16. Bf2 Qe7 17. c5 Nxc5 18. Nxc5 dxc5 19. Na4 Rd8 20. Qc2 Bh6 21. Qxc5 Bd2+ 22.
Kf1 Qc7 23. b3 Ng5 24. Qxa7 Rb7 25. Qc5 Ne6 26. Qc2 Nf4 27. Bc4+ Kh7 28. Nc5 Rb4
29. Rd1 Qa5 30. Kg1 g5 31. a3 Rxc4 32. Qxc4 Kg6 33. g3 Be3 34. gxf4 Bxf2+ 35.
Kxf2 Rd2+ 36. Rxd2 Qxd2+ 37. Qe2 Qd4+ 38. Qe3 Qb2+ 39. Kf1 exf4 40. Qf2 Qxa3 41.
Kg2 1-0

[Event "Gibraltar Open"]
[Site "Caleta ENG"]
[Date "2012.01.25"]
[Round "2.77"]
[White "Rodriguez Lopez, Rafael"]
[Black "Attwood, James"]
[Result "1/2-1/2"]
[WhiteTitle "IM"]
[WhiteElo "2287"]
[BlackElo "2072"]
[WhiteFideId "2204495"]
[BlackFideId "3206688"]
[EventDate "2012.01.24"]

1. e4 c5 2. Nf3 Nc6 3. d4 cxd4 4. Nxd4 g6 5. Nc3 Bg7 6. Be3 Nf6 7. Bc4 O-O 8.
Bb3 a5 9. O-O a4 10. Nxa4 Nxe4 11. c4 Ra6 12. Nb5 d6 13. Qe2 Nf6 14. Rad1 Na5
15. Bc2 Be6 16. b3 Qb8 17. h3 Nc6 18. Nac3 Rd8 19. Bg5 h6 20. Bh4 Qc8 21. Rfe1
Bf5 22. Bxf5 Qxf5 23. Nc7 Ra5 24. N7d5 Nxd5 25. Nxd5 Rda8 26. Nxe7+ Nxe7 27.
Qxe7 Rxa2 28. Rxd6 Bc3 29. Red1 Kg7 30. Qxb7 Be5 31. R6d5 Ra1 32. Bg3 Bxg3 33.
fxg3 Qe4 34. Qb6 R1a2 35. Qd4+ Qxd4+ 36. R5xd4 Rb2 37. R4d2 Rxb3 38. Rc2 Rc8 39.
g4 Rc5 40. Rd7 Rb1+ 41. Kh2 Rf1 42. Rd4 Kf6 43. Re2 Rc7 44. Kg3 Rc1 45. Ree4 g5
46. h4 Rc3+ 47. Kh2 gxh4 48. Rf4+ Kg7 1/2-1/2

[Event "Gibraltar Open"]
[Site "Caleta ENG"]
[Date "2012.01.25"]
[Round "2.79"]
[White "Peltomaki, Jarmo"]
[Black "Adrian, Claude"]
[Result "0-1"]
[BlackTitle "IM"]
[WhiteElo "2051"]
[BlackElo "2271"]
[WhiteFideId "507148"]
[BlackFideId "601071"]
[EventDate "2012.01.24"]

1. d4 e6 2. Bf4 c5 3. c3 Nc6 4. e3 d5 5. Nf3 Bd6 6. Bg3 Nf6 7. Nbd2 O-O 8. Bd3
Qe7 9. Bxd6 Qxd6 10. dxc5 Qxc5 11. O-O e5 12. Be2 Bf5 13. Qa4 Rad8 14. Rac1 Qe7
15. Rfe1 Ne4 16. Nb3 Qf6 17. Rcd1 Bg4 18. Nbd2 Bxf3 19. Bxf3 Ng5 20. Qb5 e4 21.
Be2 Rd6 22. Nb3 Qf5 23. Rf1 Nf3+ 24. Kh1 Rh6 25. Bxf3 exf3 26. Qxd5 Ne5 27. Rg1
Rxh2+ 28. Kxh2 Qh5+ 29. Kg3 Qg4+ 30. Kh2 Qh4# 0-1

[Event "Gibraltar Open"]
[Site "Caleta ENG"]
[Date "2012.01.25"]
[Round "2.80"]
[White "Bisby, Daniel L"]
[Black "Thorell, Viktor"]
[Result "1-0"]
[WhiteTitle "FM"]
[WhiteElo "2264"]
[BlackElo "2046"]
[WhiteFideId "404586"]
[BlackFideId "1715488"]
[EventDate "2012.01.24"]

1. e4 c6 2. d4 g6 3. f4 d5 4. e5 h5 5. Nf3 Nh6 6. Be3 Bg4 7. Nbd2 Nf5 8. Bf2 e6
9. h3 Bxf3 10. Nxf3 h4 11. Bd3 Be7 12. O-O c5 13. dxc5 Nc6 14. Kh2 a5 15. Qe2
Ng3 16. Bxg3 hxg3+ 17. Kxg3 g5 18. fxg5 Bxg5 19. Kh2 Bf4+ 20. g3 Bh6 21. Bb5 Qe7
22. Nd4 Qxc5 23. c3 Bg7 24. Rae1 Rh6 25. Qf2 1-0